A la meta / Thomas Bernhard ; traducció d'Eugeni Bou ; pròleg de Xavier Albertí
Descripción Física:
167 p. ; 18 cm
Colección:
Biblioteca teatral ; 87
MARC
| LEADER | 00000nam a2200000Ia 4500 | ||
|---|---|---|---|
| 001 | 10693 | ||
| 008 | 160829s1994 xx 000 0 cat d | ||
| 080 | |a L-1-272 | ||
| 100 | |a Bernhard, Thomas |9 26391 | ||
| 245 | 2 | |a A la meta / Thomas Bernhard ; traducció d'Eugeni Bou ; pròleg de Xavier Albertí | |
| 260 | |a Barcelona : |b Institut del Teatre de la Diputació de Barcelona, |c 1994 | ||
| 300 | |a 167 p. ; |c 18 cm | ||
| 490 | |a Biblioteca teatral ; 87 | ||
| 700 | 1 | |a Bou, Eugeni |9 26392 | |
| 700 | 1 | |a Albertí, Xavier, |d 1962- |9 49679 | |
| 710 | 1 | |a Institut del Teatre (Barcelona, Catalunya) |9 52662 | |
| 901 | |a Arxiu | ||
| 942 | |n 1 | ||
| 952 | |0 0 |1 0 |4 0 |6 L1272 |7 1 |9 43974 |a Arxiu |b Arxiu |d 2016-12-01 |l 0 |o L-1-272 |p 10693 |r 2016-12-01 00:00:00 |w 2016-12-01 |y ARXIU | ||
| 999 | |c 46554 |d 46554 | ||